000 00741nam a2200217 a 4500
003 0
005 20250317160751.0
008 071127s19uu xx 00 eng d
050 _aPGS LB 1027.5.S86
_b.L477 2007
100 _aLee, Jin Seok.
245 _aSupport system of the tutorial service /
_cJin Seok Lee.
260 _aLas PiƱas City, Philippines :
_bSouthville International School and Colleges,
_c2007.
300 _a41 pages :
_bcolored illustrations ;
_c28 cm.
504 _aIncludes bibliographic references.
650 _aTutoring.
650 _aEducational support services.
650 _aRemedial teaching.
650 _aStudent support programs.
650 _a Mentoring in education.
942 _2lcc
_cPASS
999 _c97740
_d97740